[Event "WY Girls-U14"]
[Site "Porto Carras GRE"]
[Date "2010.10.21"]
[Round "2.10"]
[White "Hakimifard, Raana"]
[Black "Dragieva, Denitza"]
[Result "1-0"]
[WhiteElo "1930"]
[BlackElo "1803"]
[WhiteFideId "12510572"]
[BlackFideId "2907232"]
[EventDate "2010.10.20"]

1. e4 e5 2. Nf3 Nc6 3. Bc4 Bc5 4. c3 Nf6 5. d3 d6 6. O-O a6 7. Bb3 Ba7 8. Nbd2
O-O 9. h3 h6 10. Re1 Nh5 11. Nf1 Qf6 12. Ne3 Nf4 13. Ng4 Qg6 14. Bxf4 exf4 15.
d4 Bxg4 16. hxg4 Qxg4 17. Qd3 Ne7 18. e5 d5 19. Bc2 g6 20. Re2 Nc6 21. Nh2 Qg5
22. Rae1 Nd8 23. Nf3 Qh5 24. e6 Nxe6 25. Re5 Ng5 26. Bd1 Nxf3+ 27. Bxf3 Qh4 28.
Bxd5 Kg7 29. Bxb7 Rab8 30. Qxa6 Bb6 31. a4 c5 32. Qxb6 f6 33. Qc6 1-0

[Event "WY Girls-U14"]
[Site "Porto Carras GRE"]
[Date "2010.10.21"]
[Round "2.11"]
[White "Shamatava, Ana"]
[Black "Velikic, Adela"]
[Result "1-0"]
[WhiteElo "1922"]
[BlackElo "1797"]
[WhiteFideId "13601008"]
[BlackFideId "913553"]
[EventDate "2010.10.20"]

1. e4 c6 2. d4 d5 3. Nc3 dxe4 4. Nxe4 Bf5 5. Ng3 Bg6 6. Nh3 e6 7. Nf4 Bd6 8. Bc4
Qc7 9. Ngh5 Bxh5 10. Nxh5 g6 11. Ng3 Nf6 12. Bh6 Nbd7 13. Qf3 Rg8 14. h4 c5 15.
O-O-O cxd4 16. Rxd4 e5 17. Qe2 Rc8 18. Bb3 Nc5 19. Rd2 a5 20. Rhd1 Be7 21. Qc4
Nxb3+ 22. Qxb3 Bb4 23. c3 e4 24. Bg5 Be7 25. Bxf6 Bxf6 26. Nxe4 Be5 27. g3 Rf8
28. f4 Qc6 29. Ng5 Bg7 30. Re2+ 1-0

[Event "WY Girls-U14"]
[Site "Porto Carras GRE"]
[Date "2010.10.21"]
[Round "2.12"]
[White "Cosman, Andreea-Marioara"]
[Black "Beinenson, Katsiaryna"]
[Result "1/2-1/2"]
[WhiteElo "1682"]
[BlackElo "1921"]
[WhiteFideId "1217968"]
[BlackFideId "13507044"]
[EventDate "2010.10.20"]

1. d4 f5 2. c4 Nf6 3. g3 g6 4. Bg2 Bg7 5. Nf3 O-O 6. O-O d6 7. b3 Qe8 8. Bb2
Nbd7 9. Nc3 e5 10. dxe5 Nxe5 11. Nxe5 dxe5 12. Nb5 Rf7 13. Qc2 a6 14. Nc3 c6 15.
Rad1 Be6 16. a3 g5 17. b4 Rf8 18. Nb1 Qh5 19. Nd2 Ng4 20. h3 Nh6 21. f3 g4 22.
fxg4 fxg4 23. Rxf8+ Rxf8 24. h4 Nf5 25. Qb3 Bh6 26. Nf1 Qf7 27. Bxe5 Bxc4 28.
Qb2 Be3+ 29. Kh1 Qe7 30. a4 Bf2 31. Rc1 Nxg3+ 32. Bxg3 Bxg3 33. Nxg3 Qxh4+ 34.
Kg1 Qxg3 35. Rxc4 1/2-1/2

[Event "WY Girls-U14"]
[Site "Porto Carras GRE"]
[Date "2010.10.21"]
[Round "2.13"]
[White "Jacimovic, Sara"]
[Black "Hincu, Olga"]
[Result "1-0"]
[WhiteElo "1908"]
[BlackElo "1770"]
[WhiteFideId "14403668"]
[BlackFideId "13904108"]
[EventDate "2010.10.20"]

1. e4 e6 2. d4 d5 3. e5 b6 4. c3 Qd7 5. Bd3 c5 6. a3 Ba6 7. b4 Bxd3 8. Qxd3 Nc6
9. Ne2 Nge7 10. O-O Nf5 11. Bb2 Be7 12. Ng3 g6 13. Nd2 c4 14. Qc2 h5 15. Nxf5
gxf5 16. f4 O-O-O 17. a4 Rdg8 18. Nf3 h4 19. Bc1 Rg6 20. Kf2 Rhg8 21. Rg1 Qd8
22. Be3 Qf8 23. Ng5 Kd7 24. g4 hxg3+ 25. hxg3 Bxg5 26. fxg5 Ne7 27. Bf4 R6g7 28.
b5 Rh8 29. Rg2 Rh3 30. a5 bxa5 31. Rxa5 Nc8 32. Qa4 Kd8 33. Ra6 Qe7 34. Rc6 Qb7
35. Qb4 Rg8 36. Ke3 Ke8 37. Qc5 Kd8 38. Ra2 Re8 39. Raa6 Re7 40. Kf3 Rh8 41. Bc1
Rc7 42. Ba3 Rxc6 43. Rxc6 Re8 44. Bb4 Nb6 45. Qd6+ Qd7 46. Qb8+ Nc8 47. Rd6 1-0

[Event "WY Girls-U14"]
[Site "Porto Carras GRE"]
[Date "2010.10.21"]
[Round "2.14"]
[White "Ruiz Font, Elisabet"]
[Black "Wang, Maria"]
[Result "1-0"]
[WhiteElo "1902"]
[BlackElo "1732"]
[WhiteFideId "2200490"]
[BlackFideId "412830"]
[EventDate "2010.10.20"]

1. e4 e6 2. d4 d5 3. Nc3 Nf6 4. e5 Nfd7 5. f4 c5 6. Nf3 Nc6 7. Be3 Be7 8. Qd2
O-O 9. Be2 a6 10. O-O b5 11. a3 c4 12. f5 Nb6 13. f6 gxf6 14. Bh6 Re8 15. Qf4
Kh8 16. exf6 Bxf6 17. Ne5 Bxe5 18. dxe5 Rg8 19. Bh5 Ra7 20. Bxf7 Rxf7 21. Qxf7
Nxe5 22. Qh5 Nbd7 23. Rae1 Qb6+ 24. Kh1 Ng4 25. Qh4 d4 26. Ne4 Bb7 27. Rf7 e5
28. Rxd7 Bxe4 29. Rxe4 Nxh6 30. Rxe5 Qg6 31. Qe4 Rf8 32. Kg1 Nf5 33. Rxf5 Qxf5
34. Qxf5 Rxf5 35. Rxd4 a5 36. g4 Re5 37. Kf2 Kg7 38. h4 h6 39. Rd7+ Kg6 40. Rd6+
Kg7 41. Ra6 a4 42. Ra7+ Kg6 43. Rc7 Kf6 44. Rc6+ Kg7 45. c3 Rd5 46. Ke1 Re5+ 47.
Kf2 Rd5 48. Ke2 Re5+ 49. Kf3 Rd5 50. Rb6 Rd3+ 51. Ke4 Rh3 52. h5 Rg3 53. Kf4 Rg2
54. Rxb5 Rf2+ 55. Kg3 Rd2 56. g5 hxg5 57. Rxg5+ Kh6 58. Rb5 Rd1 59. Kg4 Rg1+ 60.
Kf3 Rd1 61. Ke2 Rd3 62. Rb4 Rh3 63. Kd2 Rh2+ 64. Kc1 Rh1+ 65. Kc2 Rh2+ 66. Kb1
Rh1+ 67. Ka2 Rh4 68. Rxa4 Kxh5 69. Rb4 Kg5 70. a4 Kf5 71. a5 Ke5 72. Ka3 Kd5 73.
Ka4 Kc5 74. Rb5+ Kc6 75. Kb4 Rh2 76. Rb6+ Kd5 77. Ka4 Kc5 78. Rb8 Rh1 79. Rc8+
Kd5 80. Kb5 Rb1 81. Rd8+ Ke6 82. a6 Rxb2+ 83. Kxc4 Ra2 84. Kb5 Ke7 85. Rd4 Rb2+
86. Kc6 Ra2 87. Kb7 Rb2+ 88. Rb4 1-0

[Event "WY Girls-U14"]
[Site "Porto Carras GRE"]
[Date "2010.10.22"]
[Round "3.1"]
[White "Jacimovic, Sara"]
[Black "Saduakassova, Dinara"]
[Result "0-1"]
[BlackTitle "WFM"]
[WhiteElo "1908"]
[BlackElo "2142"]
[WhiteFideId "14403668"]
[BlackFideId "13700090"]
[EventDate "2010.10.20"]

1. e4 c5 2. Nf3 d6 3. d4 Nf6 4. Nc3 cxd4 5. Nxd4 a6 6. Be2 e6 7. Be3 Nbd7 8. f3
Qc7 9. a3 b5 10. Bf2 Bb7 11. O-O Be7 12. Kh1 O-O 13. Bh4 Nb6 14. Qe1 Nc4 15.
Bxc4 Qxc4 16. Rd1 Rfd8 17. Rd3 Rac8 18. Nce2 Qc7 19. Ng1 Rd7 20. c3 Qc5 21. Bf2
Qc7 22. Nh3 Bd8 23. Bg3 Nh5 24. Re3 Bf6 25. Ne2 Nxg3+ 26. Nxg3 Bh4 27. Rd3 Rcd8
28. Rd4 e5 29. Rd1 d5 30. exd5 Bxd5 31. Qe3 Bc4 32. Rxd7 Qxd7 33. Re1 f6 34. f4
Bd5 35. Nf2 exf4 36. Qxf4 Bg5 37. Qb4 Re8 38. Re2 Bc4 39. Re4 f5 40. Qc5 fxe4
41. Qxg5 e3 42. Nh5 exf2 43. Nf6+ Kh8 0-1

[Event "WY Girls-U14"]
[Site "Porto Carras GRE"]
[Date "2010.10.22"]
[Round "3.2"]
[White "Ruiz Font, Elisabet"]
[Black "Bivol, Alina"]
[Result "1-0"]
[WhiteElo "1902"]
[BlackElo "2076"]
[WhiteFideId "2200490"]
[BlackFideId "4100123"]
[EventDate "2010.10.20"]

1. e4 e6 2. d4 d5 3. Nc3 Bb4 4. exd5 exd5 5. Bd3 c5 6. Bb5+ Nc6 7. Ne2 Ne7 8.
O-O O-O 9. dxc5 Bxc5 10. Nf4 a6 11. Be2 Nd4 12. Bd3 Ndf5 13. Qf3 d4 14. Ne4 Ba7
15. Qh5 h6 16. Bd2 Nc6 17. Ng3 Nfe7 18. Rfe1 Qd7 19. h3 Bb8 20. Re4 Qd6 21. Rae1
b5 22. Nfe2 f5 23. Rf4 g5 24. Rf3 Ne5 25. h4 Nxf3+ 26. gxf3 gxh4 27. Qxh4 Qf6
28. Qxd4 Be5 29. Qb4 a5 30. Qxb5 Ba6 31. Qb3+ Kh8 32. Bxa6 Qxa6 33. Nf4 Rab8 34.
Qe3 Bxf4 35. Qxf4 Rf7 36. Qxb8+ Kh7 37. Qe8 Qf6 38. Bc3 1-0

[Event "WY Girls-U14"]
[Site "Porto Carras GRE"]
[Date "2010.10.22"]
[Round "3.3"]
[White "Felix Vega, Aurora Edith"]
[Black "Nandhidhaa, PV"]
[Result "0-1"]
[WhiteTitle "WFM"]
[WhiteElo "1894"]
[BlackElo "2060"]
[WhiteFideId "3804976"]
[BlackFideId "5050847"]
[EventDate "2010.10.20"]

1. e4 c5 2. Nf3 e6 3. d4 cxd4 4. Nxd4 a6 5. Nc3 Qc7 6. Bd3 Nf6 7. O-O Bc5 8. Be3
O-O 9. Kh1 b5 10. f4 Bb7 11. Qf3 d6 12. Nce2 Nbd7 13. Rae1 Rac8 14. Ng3 Qb6 15.
c3 b4 16. Nge2 bxc3 17. bxc3 Rfe8 18. Rb1 Qa7 19. Bf2 Qa8 20. Ng3 Ba7 21. Bc2
Rc7 22. Rbd1 Rec8 23. Be1 Nc5 24. Qe2 Nfxe4 25. Nxe4 Nxe4 26. Bxe4 Bxe4 27. Nf3
Bd5 28. Qc2 Bc4 29. Ng5 Bxf1 30. Qxh7+ Kf8 31. Qh3 Qc6 32. Nf3 Kg8 33. Ng5 Be3
34. Bg3 Bxg2+ 35. Qxg2 Qxg2+ 36. Kxg2 d5 37. Nf3 Rxc3 38. Ne1 Rc1 39. Rd3 Bxf4
40. Bf2 R8c3 41. Rd4 Be3 42. Ra4 R1c2 43. Nxc2 Rxc2 44. Rxa6 Rxf2+ 45. Kg3 d4
46. Ra3 e5 0-1

[Event "WY Girls-U14"]
[Site "Porto Carras GRE"]
[Date "2010.10.22"]
[Round "3.4"]
[White "Osmanodja, Filiz"]
[Black "Lasya, G"]
[Result "1/2-1/2"]
[WhiteTitle "WFM"]
[WhiteElo "2059"]
[BlackElo "1883"]
[WhiteFideId "24633569"]
[BlackFideId "5068800"]
[EventDate "2010.10.20"]

1. e4 c5 2. Nf3 d6 3. d4 Nf6 4. Nc3 cxd4 5. Nxd4 Nc6 6. Bg5 e6 7. Qd2 a6 8.
O-O-O Bd7 9. f4 b5 10. Bxf6 gxf6 11. f5 Nxd4 12. Qxd4 Bh6+ 13. Kb1 Bf4 14. Ne2
Be5 15. Qe3 h5 16. Nf4 h4 17. fxe6 Bxe6 18. Be2 Qa5 19. Nxe6 fxe6 20. Qb3 Kf7
21. Bg4 Rae8 22. Rd3 Qa4 23. Qxa4 bxa4 24. Ra3 Rb8 25. c3 Rb6 26. Kc2 Rhb8 27.
Rb1 Bxh2 28. Rxa4 Be5 29. Rc4 R6b7 30. Rc6 Ra7 31. Rh1 Bg3 32. c4 Ke7 33. Rd1
Kd7 34. Rc5 a5 35. Rh5 Re8 36. Rdd5 f5 37. exf5 exd5 38. Rh7+ Re7 39. f6+ Kd8
40. fxe7+ Rxe7 41. Rh8+ Re8 42. Rxe8+ Kxe8 43. cxd5 Kd8 44. Kb3 Kc7 45. Kc4 Kb6
46. a3 Be1 47. b4 axb4 48. axb4 Bg3 49. Bd7 Be5 50. Kd3 Bg3 51. Kc4 1/2-1/2

[Event "WY Girls-U14"]
[Site "Porto Carras GRE"]
[Date "2010.10.22"]
[Round "3.5"]
[White "Bala Kannamma, P"]
[Black "Tantsiura, Marja"]
[Result "0-1"]
[WhiteElo "1866"]
[BlackElo "2030"]
[WhiteFideId "5081432"]
[BlackFideId "14124327"]
[EventDate "2010.10.20"]

1. e4 g6 2. d4 Bg7 3. Nf3 d6 4. h3 Nf6 5. Bd3 O-O 6. O-O Nbd7 7. Be3 e5 8. Nbd2
c6 9. Nc4 Qc7 10. dxe5 dxe5 11. Qe2 Nh5 12. c3 Nf4 13. Bxf4 exf4 14. Bc2 b5 15.
Ncd2 Rb8 16. a3 c5 17. Rac1 a5 18. Bd3 c4 19. Bb1 Qc5 20. Rfd1 Re8 21. Nf1 Nb6
22. Qd2 Qc7 23. Nd4 Na4 24. Qc2 Nc5 25. Qe2 Bh6 26. f3 Bg7 27. Kh1 Ba6 28. Qf2
Red8 29. Bc2 b4 30. axb4 axb4 31. cxb4 Rxb4 32. Rb1 Nd3 33. Bxd3 cxd3 34. Rbc1
Qa7 35. Qd2 Qxd4 36. Qxf4 Rxb2 37. Rc7 Qf6 38. Qe3 Re2 39. Qa7 Qg5 40. Qg1 Bd4
41. Qh2 Be5 42. h4 Bxh2 0-1

[Event "WY Girls-U14"]
[Site "Porto Carras GRE"]
[Date "2010.10.22"]
[Round "3.6"]
[White "Kahramanova, Mohinur"]
[Black "Hakimifard, Raana"]
[Result "0-1"]
[WhiteElo "1811"]
[BlackElo "1930"]
[WhiteFideId "14201771"]
[BlackFideId "12510572"]
[EventDate "2010.10.20"]

1. e4 Nc6 2. Nf3 d6 3. d4 Nf6 4. Bd3 Bg4 5. c3 e6 6. h3 Bh5 7. Be3 Bg6 8. Qc2 d5
9. Nbd2 dxe4 10. Nxe4 Nd5 11. Ned2 Qd7 12. Bxg6 hxg6 13. Nc4 Bd6 14. O-O-O b5
15. Nce5 Bxe5 16. Nxe5 Nxe5 17. dxe5 Qc6 18. Bd4 Rc8 19. Kb1 Qa6 20. Bc5 Rh4 21.
Rhe1 Ra4 22. Re4 b4 23. Bxb4 Rxa2 24. Qe2 Qa4 25. Ba3 Qxa3 26. Rxd5 Rxb2+ 27.
Qxb2 Qxb2+ 28. Kxb2 Rb8+ 29. Kc2 exd5 30. Ra4 Rb7 31. Rh4 Ke7 32. Rh7 Rb8 33.
Rh4 Ke6 34. Ra4 Rb7 35. f4 g5 36. g3 gxf4 37. gxf4 Kf5 38. Kd3 c5 39. Ke3 g5 40.
fxg5 Kxg5 41. Rf4 Re7 42. h4+ Kg6 43. Rf6+ Kg7 44. Kf4 Re6 45. Rf5 f6 46. exf6+
Rxf6 47. Ke5 Rxf5+ 48. Kxf5 a5 49. Ke5 a4 0-1

[Event "WY Girls-U14"]
[Site "Porto Carras GRE"]
[Date "2010.10.22"]
[Round "3.7"]
[White "Lei, Tingjie"]
[Black "Shamatava, Ana"]
[Result "1-0"]
[WhiteElo "1990"]
[BlackElo "1922"]
[WhiteFideId "8605114"]
[BlackFideId "13601008"]
[EventDate "2010.10.20"]

1. e4 c5 2. Nf3 e6 3. c3 d5 4. exd5 exd5 5. d4 a6 6. a4 h6 7. Be2 Nf6 8. O-O Bd6
9. dxc5 Bxc5 10. Nbd2 O-O 11. Nb3 Bd6 12. Nbd4 Nc6 13. Re1 Re8 14. h3 Bd7 15.
Be3 Qc7 16. Qc1 Ne4 17. Bd3 f5 18. Qc2 Ne7 19. c4 Rac8 20. cxd5 Qa5 21. Qb1 Nxd5
22. Bxe4 Rxe4 23. Nd2 Rxe3 24. fxe3 Qxd2 25. Qa2 Qa5 26. Red1 Kh8 27. Nxf5 Nb4
28. Qb3 Nc2 29. Nxd6 Nxa1 30. Rxa1 Rb8 31. Qd3 Bc6 32. Rf1 Qh5 33. Rf5 Qh4 34.
Rf4 Qh5 35. Nf5 Rf8 36. e4 Rf7 37. Rh4 Qg5 38. Rg4 Qc1+ 39. Kh2 Qxb2 40. Qd8+
Kh7 41. Nxh6 Qe5+ 42. Rg3 Be8 43. Nxf7 Bxf7 44. Qg5 Qxg5 45. Rxg5 b6 46. a5 bxa5
47. Rxa5 Bc4 48. Kg3 Kg6 49. Kf4 Kf6 50. g4 Bd3 51. h4 Bc4 52. h5 Be2 53. g5+
Ke6 54. h6 gxh6 55. gxh6 Kf6 56. Rg5 1-0

[Event "WY Girls-U14"]
[Site "Porto Carras GRE"]
[Date "2010.10.22"]
[Round "3.8"]
[White "Khademalsharieh, Sarasadat"]
[Black "Patel, Yesim"]
[Result "1-0"]
[WhiteTitle "WFM"]
[WhiteElo "2075"]
[BlackElo "1820"]
[WhiteFideId "12512214"]
[BlackFideId "6300200"]
[EventDate "2010.10.20"]

1. d4 Nf6 2. Nf3 g6 3. c4 Bg7 4. g3 O-O 5. Bg2 d6 6. O-O Nbd7 7. Nc3 e5 8. e4 c6
9. h3 Qb6 10. c5 dxc5 11. dxe5 Ne8 12. e6 fxe6 13. Ng5 Ne5 14. f4 c4+ 15. Kh2
Nd3 16. e5 Nc7 17. Qe2 Nd5 18. Nce4 h6 19. Nf3 Qc7 20. Nh4 Kh7 21. Nd6 g5 22.
fxg5 Rxf1 23. Bxf1 hxg5 24. Bxg5 Nxe5 25. Ne8 Qf7 26. Nxg7 Qxg7 27. Qh5+ Kg8 28.
Bh6 Qf6 29. Bg2 Nd7 30. Rf1 Qe7 31. Qg6+ Kh8 32. Rf7 1-0

[Event "WY Girls-U14"]
[Site "Porto Carras GRE"]
[Date "2010.10.22"]
[Round "3.9"]
[White "Nicolas Zapata, Irene"]
[Black "Moradi, Kimia"]
[Result "1/2-1/2"]
[WhiteElo "2027"]
[BlackElo "1827"]
[WhiteFideId "22247270"]
[BlackFideId "12500100"]
[EventDate "2010.10.20"]

1. c4 e6 2. Nf3 Nf6 3. g3 d5 4. Bg2 dxc4 5. O-O c6 6. a4 b6 7. b3 cxb3 8. Qxb3
Bb7 9. d4 Nbd7 10. Nc3 c5 11. Ba3 Be7 12. Rfd1 cxd4 13. Nxd4 Bxg2 14. Kxg2 Bxa3
15. Qxa3 Qe7 16. Qxe7+ Kxe7 17. Nc6+ Kf8 18. a5 Rc8 19. Rd6 bxa5 20. Rxa5 g6 21.
Rxa7 Kg7 22. Na2 Ra8 23. Nab4 Rxa7 24. Nxa7 Rb8 25. Nac6 Rc8 26. Rd2 Nb8 27. Rc2
Nxc6 28. Nxc6 Ne8 29. Nd4 Rc7 1/2-1/2

[Event "WY Girls-U14"]
[Site "Porto Carras GRE"]
[Date "2010.10.22"]
[Round "3.10"]
[White "Fataliyeva, Ulviyya Hasil qizi"]
[Black "Gaboyan, Susanna"]
[Result "1/2-1/2"]
[WhiteTitle "WCM"]
[WhiteElo "1959"]
[BlackElo "1806"]
[WhiteFideId "13403052"]
[BlackFideId "13303627"]
[EventDate "2010.10.20"]

1. e4 c5 2. Nf3 Nc6 3. d4 cxd4 4. Nxd4 Nf6 5. Nc3 e5 6. Ndb5 d6 7. Bg5 a6 8. Na3
b5 9. Nd5 Be7 10. Bxf6 Bxf6 11. c3 Bg5 12. Nc2 O-O 13. a4 bxa4 14. Rxa4 a5 15.
Bc4 Rb8 16. b3 Kh8 17. O-O f5 18. f3 Ne7 19. Nxe7 Bxe7 20. Qd3 fxe4 21. fxe4
Rxf1+ 22. Kxf1 Bg5 23. Ra1 Qb6 24. Ne1 Be3 25. Nf3 Bg4 26. Re1 Bc5 1/2-1/2

[Event "WY Girls-U14"]
[Site "Porto Carras GRE"]
[Date "2010.10.22"]
[Round "3.11"]
[White "Belova, Olga"]
[Black "Turk, Tajana"]
[Result "1-0"]
[WhiteElo "1946"]
[BlackElo "1772"]
[WhiteFideId "4138422"]
[BlackFideId "14500027"]
[EventDate "2010.10.20"]

1. e4 c5 2. Nf3 e6 3. Nc3 a6 4. d4 cxd4 5. Nxd4 Qc7 6. Be2 Nf6 7. O-O Bc5 8. Nb3
Be7 9. Kh1 b5 10. Bf3 Nc6 11. a4 b4 12. Ne2 Bb7 13. Be3 Ne5 14. Bf4 d6 15. Ng3
h6 16. Rc1 Nc4 17. c3 a5 18. Bd2 Qd7 19. Qc2 Nxd2 20. Nxd2 bxc3 21. Qxc3 Rc8 22.
Qd4 Ra8 23. e5 Nd5 24. Nc4 Rd8 25. Ne4 Bc6 26. Ncxd6+ Kf8 27. Nc5 1-0

[Event "WY Girls-U14"]
[Site "Porto Carras GRE"]
[Date "2010.10.22"]
[Round "3.12"]
[White "Pachon, Adriana"]
[Black "Cosman, Andreea-Marioara"]
[Result "1-0"]
[WhiteTitle "WFM"]
[WhiteElo "1923"]
[BlackElo "1682"]
[WhiteFideId "4400690"]
[BlackFideId "1217968"]
[EventDate "2010.10.20"]

1. e4 c5 2. c3 d5 3. exd5 Qxd5 4. d4 Nf6 5. Nf3 e6 6. Na3 Qd8 7. Nc2 Be7 8. Bd3
O-O 9. O-O Nc6 10. Qe2 Qc7 11. Bg5 cxd4 12. Ncxd4 Nxd4 13. Nxd4 Nd5 14. Bxe7
Qxe7 15. Qe4 g6 16. Rfe1 Re8 17. Rad1 Rb8 18. h3 Nf6 19. Qe5 Bd7 20. f4 Bc6 21.
f5 Nd7 22. Qg3 e5 23. fxg6 fxg6 24. Bc4+ Kh8 25. Ne6 Rf8 26. Nxf8 Rxf8 27. Kh1
Rf5 28. Bd5 Nf6 29. Bxc6 bxc6 30. Qd3 Kg7 31. Qd6 Qxd6 32. Rxd6 e4 33. Rxc6 Rf2
34. Rc7+ Kh6 35. Rb7 Rd2 36. Kg1 Kg5 37. a4 Kf5 38. Rf1+ Ke5 39. Rxa7 1-0

[Event "WY Girls-U14"]
[Site "Porto Carras GRE"]
[Date "2010.10.23"]
[Round "4.1"]
[White "Saduakassova, Dinara"]
[Black "Hakimifard, Raana"]
[Result "1/2-1/2"]
[WhiteTitle "WFM"]
[WhiteElo "2142"]
[BlackElo "1930"]
[WhiteFideId "13700090"]
[BlackFideId "12510572"]
[EventDate "2010.10.20"]

1. e4 Nc6 2. Nf3 d6 3. Bc4 Nf6 4. Nc3 Bg4 5. h3 Bxf3 6. gxf3 e6 7. d3 Qd7 8. Bb3
g6 9. Ne2 Bg7 10. Be3 a6 11. c3 O-O-O 12. Bc2 d5 13. Nd4 e5 14. Nxc6 Qxc6 15.
Qe2 Qb5 16. O-O-O Rd6 17. exd5 Qa5 18. Kb1 Nxd5 19. Qe1 Rhd8 20. Bd2 Qb6 21. Be3
c5 22. Bb3 Qc7 23. Qe2 b5 24. Rc1 Nxe3 25. fxe3 Rxd3 26. Rcd1 Rxd1+ 27. Rxd1
Rxd1+ 28. Qxd1 c4 29. Bc2 Qd7 30. Qxd7+ Kxd7 31. Be4 Kc7 32. Bd5 f6 1/2-1/2

[Event "WY Girls-U14"]
[Site "Porto Carras GRE"]
[Date "2010.10.23"]
[Round "4.2"]
[White "Nandhidhaa, PV"]
[Black "Ruiz Font, Elisabet"]
[Result "1-0"]
[WhiteElo "2060"]
[BlackElo "1902"]
[WhiteFideId "5050847"]
[BlackFideId "2200490"]
[EventDate "2010.10.20"]

1. e4 c5 2. Nf3 g6 3. d4 cxd4 4. Nxd4 Bg7 5. c4 Nc6 6. Be3 d6 7. Nc3 Nf6 8. Be2
O-O 9. O-O Bd7 10. Rc1 Nxd4 11. Bxd4 Bc6 12. f4 a5 13. Kh1 Nd7 14. Bxg7 Kxg7 15.
Qd4+ Kg8 16. Bf3 Qb6 17. Qd2 Rfc8 18. Bg4 Rc7 19. Bxd7 Rxd7 20. f5 Qc5 21. Nd5
Bxd5 22. exd5 Qb4 23. Qf2 Rf8 24. Rc3 Rc7 25. a3 Qc5 26. Qh4 h5 27. Qg5 Kg7 28.
fxg6 f6 29. Qxh5 Rh8 30. Qf5 Rh6 31. Rh3 Qxc4 32. Rxh6 Kxh6 33. g4 Kg7 34. Re1
Qd4 35. Qh5 f5 36. Qh7+ Kf6 37. Re6+ Kg5 38. Qh5+ 1-0

[Event "WY Girls-U14"]
[Site "Porto Carras GRE"]
[Date "2010.10.23"]
[Round "4.3"]
[White "Tantsiura, Marja"]
[Black "Lei, Tingjie"]
[Result "0-1"]
[WhiteElo "2030"]
[BlackElo "1990"]
[WhiteFideId "14124327"]
[BlackFideId "8605114"]
[EventDate "2010.10.20"]

1. e4 c5 2. Nf3 d6 3. d4 cxd4 4. Nxd4 Nf6 5. Nc3 g6 6. Be3 Bg7 7. f3 Nc6 8. Qd2
O-O 9. Bc4 Bd7 10. O-O-O Rc8 11. Bb3 Ne5 12. g4 b5 13. Bh6 b4 14. Nd5 Nxd5 15.
Bxd5 Bxh6 16. Qxh6 e6 17. Bb7 Rb8 18. Ba6 Qa5 19. Nf5 exf5 20. gxf5 Nxf3 21. Kb1
Bxf5 22. Rd5 Qxa6 23. exf5 f6 24. fxg6 Qb7 25. Rf1 Rbe8 26. Rd3 Ng5 27. h4 Ne4
28. Rg1 f5 29. Rd4 Nc3+ 30. bxc3 bxc3+ 31. Kc1 Qb2+ 32. Kd1 Qb1+ 33. Qc1 Qb6 34.
gxh7+ Kxh7 35. Qf4 Re5 36. Rf1 Rfe8 37. Rb4 Qc6 38. Qg3 a5 39. Rd4 Qb5 0-1

[Event "WY Girls-U14"]
[Site "Porto Carras GRE"]
[Date "2010.10.23"]
[Round "4.4"]
[White "Pachon, Adriana"]
[Black "Khademalsharieh, Sarasadat"]
[Result "1/2-1/2"]
[WhiteTitle "WFM"]
[BlackTitle "WFM"]
[WhiteElo "1923"]
[BlackElo "2075"]
[WhiteFideId "4400690"]
[BlackFideId "12512214"]
[EventDate "2010.10.20"]

1. e4 e5 2. Nf3 Nc6 3. Bc4 Bc5 4. c3 Nf6 5. d3 a6 6. Bb3 Ba7 7. Nbd2 d6 8. O-O
O-O 9. h3 h6 10. Re1 Nh5 11. Nf1 Qf6 12. Be3 Bxe3 13. fxe3 g6 14. Qe2 Bd7 15.
Rad1 Rae8 16. Qf2 Na5 17. Bc2 Be6 18. Bb1 c5 19. Ng3 Nxg3 20. Qxg3 Qg7 21. d4 f6
22. Nh4 Kh7 23. Bd3 Bf7 24. Rf1 Nc6 25. d5 Ne7 26. Qf2 Bg8 27. a4 Kh8 28. Qc2
Bh7 29. Qb3 g5 30. Nf3 f5 31. exf5 Nxf5 32. Bxf5 Bxf5 33. Nh2 h5 34. Qb6 Qh6 35.
Rde1 g4 36. e4 Bc8 37. h4 Rf4 38. g3 Rf6 39. Qc7 Rff8 40. Re2 Kg8 41. Ref2 Qe3
42. Qxd6 Qxg3+ 43. Rg2 Qe3+ 44. Kh1 Qxe4 45. Qh6 1/2-1/2

[Event "WY Girls-U14"]
[Site "Porto Carras GRE"]
[Date "2010.10.23"]
[Round "4.5"]
[White "Beinenson, Katsiaryna"]
[Black "Osmanodja, Filiz"]
[Result "1-0"]
[BlackTitle "WFM"]
[WhiteElo "1921"]
[BlackElo "2059"]
[WhiteFideId "13507044"]
[BlackFideId "24633569"]
[EventDate "2010.10.20"]

1. d4 d5 2. Nf3 Nf6 3. e3 c5 4. c3 Nc6 5. Bd3 Bg4 6. Nbd2 e6 7. O-O Bd6 8. Qa4
O-O 9. c4 cxd4 10. exd4 dxc4 11. Qxc4 Rc8 12. Qb3 Qd7 13. Bb5 a6 14. Ne5 Bxe5
15. dxe5 axb5 16. exf6 Nd4 17. Qe3 Bf5 18. Qg5 Bg6 19. Ne4 Ne2+ 20. Kh1 Qd3 21.
fxg7 Rfd8 22. Nf6+ Kxg7 23. Be3 Qf5 24. Qh4 h5 25. Bg5 Rh8 26. Rae1 Rc4 27. f4
Rc2 28. Qf2 Qd3 29. Rd1 Qc4 30. b3 Qc6 31. Nd7 Rc8 32. Rfe1 Qe4 33. Nf6 Nc3 34.
Nxe4 Rxf2 35. Bf6+ Kh7 36. Nxf2 Nxd1 37. Rxd1 Rc2 38. Kg1 Rxa2 39. Rd8 Bc2 40.
Nd3 Kg6 41. Nb4 Ra5 42. Bc3 1-0

[Event "WY Girls-U14"]
[Site "Porto Carras GRE"]
[Date "2010.10.23"]
[Round "4.6"]
[White "Lasya, G"]
[Black "Belova, Olga"]
[Result "1-0"]
[WhiteElo "1883"]
[BlackElo "1946"]
[WhiteFideId "5068800"]
[BlackFideId "4138422"]
[EventDate "2010.10.20"]

1. e4 c5 2. Nf3 d6 3. d4 cxd4 4. Nxd4 Nf6 5. Nc3 e6 6. Be2 Be7 7. O-O Nc6 8. Be3
O-O 9. f4 e5 10. Nb3 exf4 11. Bxf4 Be6 12. Kh1 Rc8 13. Bf3 Ne5 14. Nd4 Nxf3 15.
Qxf3 Qb6 16. Nxe6 fxe6 17. Qh3 d5 18. exd5 exd5 19. Rae1 Bb4 20. Re6 Rc6 21.
Rxc6 Qxc6 22. Be5 Qc4 23. Qe6+ Kh8 24. Rf4 Re8 25. Qf5 d4 26. h4 Qc5 27. Bxf6
Re1+ 28. Kh2 Qxf5 29. Rxf5 Bd6+ 30. Kh3 gxf6 31. Nd5 Re5 32. Kg4 Re4+ 33. Kf3
Rxh4 34. Rxf6 Be5 35. Re6 Bh2 36. g3 Rh5 37. Nf4 Rc5 38. Re8+ 1-0